Groupes de poules - Coupe du Monde 2026 - Statistiques

Statistiques générales
  • Ce quiz a été pris 128 fois
  • Le résultat moyen est 38 sur 48
Statistiques - réponses
Groupe Nation % Correct
B 🇨🇦 Canada
95%
I 🇫🇷​ France
95%
C ​🇲🇦​ Maroc
95%
A 🇲🇽 Mexique
95%
H ​🇪🇸​ Espagne
94%
J 🇦🇷​ Argentine
92%
C ​🇧🇷​ Brésil
92%
I 🇳🇴 Norvège
92%
E 🇩🇪 Allemagne
90%
L 🏴󠁧󠁢󠁥󠁮󠁧󠁿​ Angleterre
90%
I ​​🇸🇳 Sénégal
90%
J ​🇩🇿 Algérie
87%
D ​🇺🇸​ États-Unis
87%
F ​🇯🇵​ Japon
87%
K 🇵🇹​ Portugal
86%
F 🇸🇪​ Suède
86%
B ​🇨🇭 Suisse
86%
D ​🇦🇺​ Australie
84%
I ​​🇮🇶 Irak
84%
G ​🇮🇷 Iran
84%
G ​🇧🇪 Belgique
81%
A 🇰🇷 Corée du Sud
81%
K 🇨🇴 Colombie
79%
A 🇿🇦 Afrique du Sud
78%
B 🇧🇦 Bosnie-Herzégovine
78%
F ​🇳🇱​ Pays-Bas
78%
F ​🇹🇳 Tunisie
78%
H 🇺🇾​ Uruguay
78%
C 🏴󠁧󠁢󠁳󠁣󠁴󠁿​ Écosse
76%
E ​🇨🇮​ Côte d'Ivoire
75%
G 🇪🇬 Égypte
73%
L 🇭🇷 Croatie
71%
E ​🇪🇨​ Équateur
71%
C 🇭🇹 Haïti
71%
G ​🇳🇿 Nouvelle-Zélande
71%
B 🇶🇦​ Qatar
71%
D ​🇹🇷 Turquie
71%
J 🇦🇹 Autriche
70%
A 🇨🇿​ République Tchèque
70%
E ​🇨🇼​ Curaçao
68%
K ​🇨🇩 RD Congo
68%
H 🇸🇦 Arabie Saoudite
67%
D 🇵🇾 Paraguay
65%
H ​🇨🇻 Cap Vert
59%
L 🇬🇭​ Ghana
57%
L ​🇵🇦​ Panama
57%
J ​🇯🇴 Jordanie
48%
K 🇺🇿​​ Ouzbékistan
48%
Aucun quiz correspondant
Distribution des résultats
% des personnes avec chaque résultat
Percentile par nombre de réponses
Votre historique - résultats
Vous n’avez pas pris ce quiz